Stanovy Nadlepšovacieho penzijného fondu zamestnancov firmy: Bratislavský pivovar a sladovňa Bratia Stein úč. spol. v Bratislave

Bibliographic Details
Format: Book
Language:Slovak
PhysicalDescription:21 s. 15 cm
Published: Bratislava n. vl. [1947]
Subjects:

MARC

LEADER 00000cam a2200000 a 4500
001 vtls008398652
003 SK-MaSNL
005 20260301232049.0
008 200104s1947 xo 000 0 slo
015 |a SKSNBA19451955-011500 
035 |a SK01SNKBKSFS20010090869 
035 |a urn:nbn:sk:snk-am3hh9q 
035 |a 97CB7737-02B0-45B6-A705-0AC247BA6CD6 
035 |a urn:nbn:sk:snk-am00d09w 
035 |a SKM000093332 
040 |a SNK  |b slo  |c SNK  |e AACR2 
041 0 |a slo 
044 |a xo  |c SK 
080 |a 331  |2 1981 
245 0 0 |a Stanovy Nadlepšovacieho penzijného fondu zamestnancov firmy: Bratislavský pivovar a sladovňa Bratia Stein úč. spol. v Bratislave 
260 |a Bratislava  |b n. vl.  |c [1947]  |e Bratislava  |f Universum 
300 |a 21 s.  |c 15 cm 
650 0 7 |a penzijné fondy  |2 SNKPH  |9 26985 
655 7 |a stanovy  |2 SNKPH  |9 70547 
958 |a ONDV 
958 |a RK 
958 |a TL 
999 |c 960296  |d 962226 
952 |a SNK  |b SNK  |y PREZ  |7 0  |p 17A0733500  |o snkSE 1512  |i snkKSF 4662/56  |8 5  |0 0  |1 0  |4 0  |d 2017-12-18  |f 1  |l 0  |r 2026-02-24 10:16:58  |w 2026-02-24 
952 |a SNK  |b SNK  |y VYP  |7 0  |p 17A1189068  |o snkSE 1512 D1  |i snkF 2200/83  |8 5  |0 0  |1 0  |4 0  |d 2018-01-24  |l 0  |r 2026-02-24 10:16:58  |w 2026-02-24